Normal view MARC view
  • Short stories, Japanese

Entry Topical Term

Number of records used in: 1

001 - CONTROL NUMBER

  • control field: 102027

003 - CONTROL NUMBER IDENTIFIER

  • control field: NUST

005 - DATE AND TIME OF LATEST TRANSACTION

  • control field: 20221031152130.0

008 - FIXED-LENGTH DATA ELEMENTS

  • fixed length control field: 221031|| aca||aabn | a|a d

040 ## - CATALOGING SOURCE

  • Original cataloging agency: NUST
  • Transcribing agency: NUST

150 ## - HEADING--TOPICAL TERM

  • Topical term or geographic name entry element: Short stories, Japanese
  • Form subdivision: Translations into English

670 ## - SOURCE DATA FOUND

  • Source citation: Work cat.: (NUST)0: Japanese women writers :, 2015.
© 2023 Central Library, National University of Sciences and Technology. All Rights Reserved.